US states by satellite maps - Statistics

General Stats
  • This quiz has been taken 28 times
  • The average score is 26 of 50
Answer Stats
Picture Answer % Correct
Florida
96%
Hawaii
84%
Oregon
84%
Alaska
80%
Michigan
80%
California
76%
Louisiana
76%
Massachusetts
76%
Delaware
72%
New York
68%
Virginia
68%
Washington
68%
New Jersey
64%
Wisconsin
64%
Maryland
60%
Nevada
60%
Ohio
56%
Rhode Island
56%
Texas
56%
Colorado
52%
South Carolina
52%
Connecticut
48%
Maine
48%
Pennsylvania
48%
Alabama
44%
Arizona
44%
Georgia
44%
Illinois
44%
New Mexico
44%
Utah
44%
Indiana
40%
Kansas
40%
Minnesota
40%
New Hampshire
40%
North Dakota
40%
Tennessee
40%
Vermont
40%
Arkansas
36%
Idaho
36%
Iowa
36%
Kentucky
36%
Missouri
36%
Montana
36%
Nebraska
36%
North Carolina
36%
Oklahoma
36%
South Dakota
36%
West Virginia
36%
Wyoming
36%
Mississippi
28%
No matching quizzes found
Score Distribution
Percent of People with Each Score
Percentile by Number Answered
Your Score History
You have not taken this quiz